El derecho a la protesta (Registro nro. 6866)

Detalles MARC
000 -LEADER
fixed length control field 01555 a2200217 4500
001 - CONTROL NUMBER
control field 59980
005 - DATE AND TIME OF LATEST TRANSACTION
control field 20260407155852.0
008 - FIXED-LENGTH DATA ELEMENTS--GENERAL INFORMATION
fixed length control field 260407a2005 arg spa d
003 - CONTROL NUMBER IDENTIFIER
control field AR-UNSa-BCEJYS
040 ## - CATALOGING SOURCE
Original cataloging agency AR-UNSa-BCEJYS
Language of cataloging spa
Transcribing agency AR-UNSa-BCEJYS
080 ## - UNIVERSAL DECIMAL CLASSIFICATION NUMBER
Universal Decimal Classification number 342.729
Common auxiliary subdivision Libertad de reunión, de manifestarse públicamente
020 ## - INTERNATIONAL STANDARD BOOK NUMBER
International Standard Book Number 950-894-485-4
041 ## - LANGUAGE CODE
Language code of text/sound track or separate title spa
100 1# - MAIN ENTRY--PERSONAL NAME
Personal name Cargarella, Roberto
245 10 - TITLE STATEMENT
Title El derecho a la protesta
Name of part/section of a work El primer derecho
264 #1 - PRODUCTION, PUBLICATION, DISTRIBUTION, MANUFACTURE, AND COPYRIGHT NOTICE
Place of production, publication, distribution, manufacture Buenos Aires :
Name of producer, publisher, distributor, manufacturer AD-HOC
Date of production, publication, distribution, manufacture, or copyright notice 2005
300 ## - PHYSICAL DESCRIPTION
Extent 265 p.
Dimensions 23 cm.
505 ## - FORMATTED CONTENTS NOTE
Formatted contents note 1. Ruta 1: Expresión cívica y "cortes de ruta" - 2. Ruta 2: ¿Un camino sin salida? El derecho ante los “cortes de ruta” – 3. Por qué el fallo “Alais” es (jurídicamente) inaceptable – 4. Cómo argumentar (y sobre todo cómo no hacerlo) frente a situaciones de conflicto social. La doctrina argentina frente a la protesta – 5. Inconsistencia y parcialidad. Un examen histórico de la jurisprudencia de la Corte Suprema argentina – 6. “Piedras de papel” y silencio: la crisis política argentina leída desde sus sistema institucional – 7. La alineación política en la Argentina – 8. Derechos especiales para grupos desaventajados – 9. Derechos de grupos, revisión judicial y “motivos personales” – 10. El socavamiento de las instituciones de la democracia constitucional – 11. La última carta. El derecho de resistencia en situaciones de alineación legal – 12. Liberalismo, socialismo y derechos.
590 ## - LOCAL NOTE (RLIN)
Local note niveau_biblio:m niveau_hierar:0
942 ## - ADDED ENTRY ELEMENTS (KOHA)
Koha item type
Existencias
Withdrawn status Lost status Damaged status Not for loan Home library Current library Shelving location Date acquired Total checkouts Full call number Barcode Date last seen Price effective from Koha item type
        Biblioteca Prof. Eusebio Cleto del Rey Biblioteca Prof. Eusebio Cleto del Rey   07/04/2026   342.729 C257 L87982 07/04/2026 07/04/2026 Libro